000 00401cam a2200169ua 4500
020 _c4.00
041 _aeng
_h
082 _a320.58
_bGAN/SA
100 _aGandhi, M.K .
245 _aSatyagraha /
_cM.K.Gandhi.
_hTextual Documents
260 _aAhmadabad :
_bNavajivan publishing house ,
_c1951.
300 _a404 ; .
365 _a4.00
504 _a
942 _cBK
999 _c1126
_d1126